01415 a2200205 45000010006000000050017000060080041000230030015000640400040000790800122001192450080002410200022003212640030003433000019003735050608003920410008010001000064010087000038010728560099011104489320260407155723.0260407a2009 arg spa dAR-UNSa-BCEJYS aAR-UNSa-BCEJYSbspacAR-UNSa-BCEJYS a304.4(82)xAspectos generales de las políticas y prácticas sociales y culturales en Argentina (política social)10aInforme nacional sobre el impacto social de la globalización en Argentina a978-92-2-322923-8 1aBuenos Aires :bOITc2009 a197 p.c30 cm. a1. Algunos elementos para el análisis de la dimensión social de la globalización – 2. Sistema multilateral de comercio e impacto social de la globalización en Argentina – 3. Políticas públicas y empleo: desafíos y oportunidades en una economía global – 4. Los efectos de la innovación sobre el empleo, en el marco de la globalización – 5. Efectos de la inserción internacional de Argentina en el mercado de trabajo doméstico: el caso de China – 6. Auge de los productos básicos alimentarios: impactos económicos, sociales, ambientales y desafíos de políticas -  aspa1 aArgentina. Ministerio de Trabajo, Empleo y Seguridad Social1 aOficina Internacional del Trabajo41uhttps://www.biblioeco.unsa.edu.ar/pmb/images/libros/L127024.jpgyImagen de portadaqimage/jpeg